• 首页
  • 本馆介绍
  • 公告通知
  • 最新文献
  • 馆藏检索
  • 电子资源
  • 读者荐购
  • 参考咨询
  • CALIS
  • 我的图书馆
  • 登录
  • 详细信息显示
  • 放入我的书架
  • 预约/预借图书
  • 作者相关作品
  • 分类相关作品
  • 丛书相关作品
  • 出版社相关作品

书目信息

  • 表格格式
  • 工作单格式
  • 卡片格式
题名:
注册土木工程师(岩土)专业考试复习导航与习题精解
    
 
作者: 李镜培 , 楼晓明 , 叶观宝 编著
分册:  
出版信息: 北京   人民交通出版社  2005.5
页数: 381页
开本: 26cm
丛书名:
单 册:
中图分类: TU47
科图分类:
主题词: 浅基础--qian ji chu--工程技术人员--考核--自学参考资料 , 深基础--shen ji chu--工程技术人员--考核--自学参考资料 , 地基处理--di ji chu li--工程技术人员--考核--自学参考资料 , 浅基础--qian ji chu , 深基础--shen ji chu , 地基处理--di ji chu li
电子资源:
ISBN: 7-114-05554-4
 
 
 
 
 
000 01591nam0 2200385 450
000 01676nam0 2200397 450
000 01639nam0 2200385 450
000 01622nam0 2200385 450
000 01585nam0 2200373 45
001 012005000000
005 20050908172434.16
010    @a7-114-05554-4@dCNY42.00
100    @a200507015d2005 em y0chiy0121 ea
101 0  @achi
102    @aCN@b110000
105    @af zq 000yy
200 1  @a注册土木工程师(岩土)专业考试复习导航与习题精解@Azhu ce tu mu gong cheng shi ( yan tu ) zhuan ye kao shi fu xi dao hang yu xi ti jing jie@e浅基础、深基础与地基处理@f李镜培,楼晓明,叶观宝编著
210    @a北京@c人民交通出版社@d2005.5
215    @a381页@c图@d26cm
320    @a有书目(第381页)
330    @a本书是注册土木工程师专业考试复习指导用书,并由考试命题单位结合考试大纲精心编写的,包括复习要点、习题解答等模块,能帮助不同专业的考生有针对性的复习,并书后还附有全真模拟试题。
333    @a阅读对象:土木工程师以及工程技术人员等
517 1  @a浅基础、深基础与地基处理@Aqian ji chu、 shen ji chu yu di ji chu li
606 0  @a浅基础@Aqian ji chu@x工程技术人员@x考核@j自学参考资料
606 0  @a深基础@Ashen ji chu@x工程技术人员@x考核@j自学参考资料
606 0  @a地基处理@Adi ji chu li@x工程技术人员@x考核@j自学参考资料
606 0  @a浅基础@Aqian ji chu
606 0  @a深基础@Ashen ji chu
606 0  @a地基处理@Adi ji chu li
690    @aTU47@v4
701  0 @a李镜培@Ali jing pei@4编著
701  0 @a楼晓明@Alou xiao ming@4编著
701  0 @a叶观宝@Aye guan bao@4编著
801  0 @aCN@bSRXX@c20050908
905    @a10447@dTU47@eL180
    
    注册土木工程师(岩土)专业考试复习导航与习题精解:浅基础、深基础与地基处理/李镜培,楼晓明,叶观宝编著.-北京:人民交通出版社,2005.5
    381页:图;26cm
    使用对象:阅读对象:土木工程师以及工程技术人员等
    
    ISBN 7-114-05554-4:CNY42.00
    本书是注册土木工程师专业考试复习指导用书,并由考试命题单位结合考试大纲精心编写的,包括复习要点、习题解答等模块,能帮助不同专业的考生有针对性的复习,并书后还附有全真模拟试题。
●
相关链接 在E读中查询图书 在当当中查询图书 在豆瓣中查询图书


正题名:注册土木工程师(岩土)专业考试复习导航与习     索取号:TU47/L180         预约/预借

序号 登录号 条形码 馆藏地/架位号 状态 备注
1 541779   205417798   建筑库101/101建筑库 96排4列1层/ [索取号:TU47/L180] 在馆    
2 541780   205417805   建筑库101/101建筑库 96排4列1层/ [索取号:TU47/L180] 在馆    
河南城建学院图书馆 欢迎您!
大连网信软件有限公司© 版权所有